Tipos de botas de futbol - Estadísticas

Estadísticas generales
  • Esta prueba ha sido intentada 16 veces
    8 desde el último reinicio
  • La puntuación promedio es 11 de 20
Estadísticas de respuestas
Marcas Respuesta % Correcto
Nike/Velocidad Nike Mercurial
100%
Adidas/Toque Adidas Copa
83%
Adidas/Golpeo Adidas Predator
83%
Nike/Toque Nike Tiempo
83%
Adidas/Velocidad Adidas F50
67%
Adidas/Velocidad Adidas X
67%
New Balance/Golpeo New Balance Tekela
67%
Nike/Velocidad Nike Hypervenom
67%
Nike/Golpeo Nike Phantom
67%
Puma/Golpeo Puma Future
67%
Puma/Toque Puma King
67%
Puma/Velocidad Puma Ultra
67%
Adidas/Toque Adidas Nemesis
50%
New Balance/Velocidad New Balance Furon
33%
Sketchers/Velocidad Sketchers Razor
33%
Mizuno/Toque Mizuno Alpha
17%
New Balance/Toque New Balance 442
17%
Nike/Velocidad Nike Mercurial Dream Speed
17%
Umbro/Velocidad Umbro Velocita
17%
Lotto/Velocidad Lotto Solista
0%
No se encontraron pruebas coincidentes
Distribución de puntuación
Porcentaje de gente con cada puntuación
Porcentaje por número respondido
Historial de tus puntuaciones
No has intentado esta prueba desde el último reinicio